| 000 | 00581cam a2200181 i 4500 | ||
|---|---|---|---|
| 020 | _a0205055818 | ||
| 082 | 0 | 0 |
_a621.3124 _bANG _cD |
| 100 | 1 |
_aAngrist, Stanley W. _941309 |
|
| 245 | 0 | 0 |
_aDirect energy conversion / _cStanley W. Angrist. |
| 250 | _a3d ed. | ||
| 260 |
_aBoston : _bAllyn and Bacon, _cc1976. |
||
| 300 |
_avii, 518 p. : _bill. ; _c24 cm. |
||
| 490 | 0 | _aAllyn and Bacon series in mechanical engineering and applied mechanics. | |
| 526 |
_a0 _b0 _c0 _d621_312400000000000_ANG |
||
| 650 | 0 |
_aDirect energy conversion. _941109 |
|
| 650 | 0 |
_aNUST _96342 |
|
| 942 |
_2ddc _cBK |
||
| 999 |
_c545453 _d545453 |
||